000
00299nam a22000977a 4500
008
150722b xxu||||| |||| 00| 0 eng d
010
_8
HCCRSARF:035
245
_a
HIGH COURT CRIMINAL SESSION NO.99 OF 1976 Uganda Karoli Lenzau
260
_a
High Court Kampala
500
_3
BEFORE: Hon. Mr. Justice M. Saied
999
_c
8040
_d
8040